| 000 | 00629cab a2200229 4500 | ||
|---|---|---|---|
| 001 | WB3303-45 | ||
| 008 | 090401t1997 xxu||||| |||| 00| 0 eng d | ||
| 035 | _a(Sirsi) u26714 | ||
| 041 | _aeng | ||
| 245 | _aRates for HLCAs | ||
| 260 | _c1997 | ||
| 350 | _a0 | ||
| 490 |
_aMAFF News Release _v(16/97) 15 January 1997, (2) |
||
| 520 | _aDetails new headage rates for the 1997 Hill Livestock Compensatory Alowances Scheme. | ||
| 650 | _aCATTLE | ||
| 650 | _aHILL FARMERS | ||
| 650 | _aHILL LIVESTOCK COMPENSATORY ALLOWANCES SCHEME | ||
| 650 | _aSHEEP | ||
| 690 | _aRURAL PRACTICE | ||
| 942 | _n0 | ||
| 948 | _c04/03/1997 | ||
| 999 |
_c17978 _d17978 |
||